00982cas a2200253 a 4500008004100000020002200041100002100063245015200084246005800236260004900294300003200343440009100375504004100466650005400507650003000561650003000591650002700621650001500648710002000663710001800683003000100701005001700702040000900719  a1882839153 (pbk.) aClaquin, Pierre.00aSurvelliance of morbidity and mortality :bPrimary Health Care Management Advancement Programme /cPierre Claquin, Jack Reynolds [and] David March. aPrimary Health Care Management Advancement Programme. aNew York :bAga Khan Health Services,c1993. aii, 126p. :bill. ;c23 cm. aThe PHC map series of modules, guides and reference materials - Module 4 user's guide. aIncludes bibliographical references. 0aCommunicable diseaseszUnited StatesvStatistics. 0aMortalityzUnited States. 2aMorbidityzUnited States. 7aCommunicable diseases. 7aMortality.1 aJack, Reynolds.2 aDavid, March.20230120204136.0 cNUST